000 01036nam a2200241Ia 4500
003 IN-BaIIA
008 211028s9999 xx 000 0 eng d
020 _a0-8194-0048-3
040 _cIIA Library
080 _a535(082.1)
_bSPI-1013
111 _aSociety of Photo-Optical Instrumentation Engineers Conference
_cFlorida
_d1987 Mar. 27-29
_917077
245 0 _aOptical design methods, applications, and large optics
_bproceedings of the SPIE held in Orlando, Florida, on 27-29 March 1987
_cedited by Andre Masson, J. Schulte in Den Baumen and Hannfried Zugge
260 _aWashington
_bSociety of Photo-Optical Instrumentation Engineers
_c1989
300 _aviii, 254p.
490 _aSPIE proceedings series; v. 1013
650 _aAstronomy and Astrophysics Thesaurus
650 _aLarge optics
_917078
650 _aOptical design
700 _aDen Baumen, J. Schulte in, ed.
_917079
700 _aMasson, Andre, ed.
_917080
700 _aZugge, Hannfried., ed.
_917081
942 _cBK
999 _c10095
_d10095